La plenitud del derecho canónico
Zapisane w:
| 1. autor: | |
|---|---|
| Format: | Książka |
| Język: | hiszpański |
| Wydane: |
Pamplona
Universidad de Navarra
1965
|
| Seria: | Canónica de la Universidad de Navarra. Cuadernos, 2
|
| Hasła przedmiotowe: | |
| Etykiety: |
Dodaj etykietę
Nie ma etykietki, Dołącz pierwszą etykiete!
|
MARC
| LEADER | 00000nam a2200000 a 4500 | ||
|---|---|---|---|
| 001 | UCV1805 | ||
| 003 | CL-VaPUC | ||
| 008 | 910322e19650000SP |||||||||||||||||spa|d | ||
| 082 | 0 | 4 | |a 262.9 |b GON |2 21 |
| 100 | |a González del Valle Cienfuegos, José María |e author |9 296007 | ||
| 245 | 1 | 3 | |a La plenitud del derecho canónico |
| 300 | |a 114 p | ||
| 942 | |c BK | ||
| 945 | |d 19910322 00:00:00 | ||
| 260 | |a Pamplona |b Universidad de Navarra |c 1965 | ||
| 650 | 7 | |a DERECHO CANONICO |2 CL-VaPUC |9 296008 | |
| 583 | |a last modification |c 19910322 00:00:00 |k Rodrigo Vera | ||
| 490 | 0 | |a Canónica de la Universidad de Navarra. Cuadernos, 2 | |
| 999 | |c 209606 |d 209604 | ||
| 952 | |0 0 |1 0 |4 0 |6 262_900000000000000_GON_1965 |7 0 |8 A |9 185118 |a BIBTEO |b BIBTEO |d 2019-11-14 |i 2525577 |l 1 |o 262.9 GON 1965 |p 2525577 |r 2025-01-17 |s 2023-04-17 |w 2019-11-14 |y BK |k ICR | ||
| 952 | |0 0 |1 0 |4 0 |6 262_900000000000000_GON_1965 |7 0 |8 A |9 185119 |a BIBDER |b BIBDER |d 2019-11-14 |i 2525585 |o 262.9 GON 1965 |p 2525585 |r 2023-01-25 |w 2019-11-14 |y BK |k DER | ||